<?xml version="1.0" encoding="UTF-8"?>
<record
    xmlns:xsi="http://www.w3.org/2001/XMLSchema-instance"
    xsi:schemaLocation="http://www.loc.gov/MARC21/slim http://www.loc.gov/standards/marcxml/schema/MARC21slim.xsd"
    xmlns="http://www.loc.gov/MARC21/slim">

  <leader>00671nam a22001697a 4500</leader>
  <controlfield tag="003">OSt</controlfield>
  <controlfield tag="005">20260114102915.0</controlfield>
  <controlfield tag="008">260114b        |||||||| |||| 00| 0 eng d</controlfield>
  <datafield tag="040" ind1=" " ind2=" ">
    <subfield code="c">DCL</subfield>
  </datafield>
  <datafield tag="082" ind1=" " ind2=" ">
    <subfield code="a">&#x1043;&#x1047;&#x1040;.&#x1047;</subfield>
  </datafield>
  <datafield tag="100" ind1=" " ind2=" ">
    <subfield code="a">&#x1010;&#x1004;&#x103A;&#x1019;&#x1031;&#x102C;&#x1004;&#x103A;&#x101D;&#x1004;&#x103A;&#x1038;</subfield>
    <subfield code="c">ILBC</subfield>
  </datafield>
  <datafield tag="245" ind1="1" ind2="0">
    <subfield code="a">&#x101C;&#x1030;&#x1010;&#x102D;&#x102F;&#x1004;&#x103A;&#x1038;&#x1021;&#x1010;&#x103D;&#x1000;&#x103A; &#x1015;&#x100A;&#x102C;&#x101B;&#x1031;&#x1038;</subfield>
    <subfield code="c">ILBC &#x1026;&#x1038;&#x1010;&#x1004;&#x103A;&#x1019;&#x1031;&#x102C;&#x1004;&#x103A;&#x101D;&#x1004;&#x103A;&#x1038;&#x104B;</subfield>
  </datafield>
  <datafield tag="264" ind1=" " ind2=" ">
    <subfield code="a">&#x101B;&#x1014;&#x103A;&#x1000;&#x102F;&#x1014;&#x103A;&#x104A; </subfield>
    <subfield code="b">&#x1014;&#x102E;&#x101C;&#x103D;&#x1004;&#x103A;&#x1005;&#x102D;&#x102F;&#x1038;&#x1005;&#x102C;&#x1015;&#x1031;&#x1010;&#x102D;&#x102F;&#x1000;&#x103A;</subfield>
    <subfield code="c">&#x1042;&#x1040;&#x1041;&#x1046;&#x104B;</subfield>
  </datafield>
  <datafield tag="300" ind1=" " ind2=" ">
    <subfield code="a">&#x1044;&#x1049;&#x1041; &#x1005;&#x102C;&#x1019;&#x103B;&#x1000;&#x103A;&#x1014;&#x103E;&#x102C;&#x104A;</subfield>
    <subfield code="c">&#x1042;&#x1044;x&#x1041;&#x1048; &#x1005;&#x1004;&#x103A;&#x1010;&#x102E;&#x104B;</subfield>
  </datafield>
  <datafield tag="650" ind1=" " ind2=" ">
    <subfield code="a">&#x1005;&#x102C;&#x1015;&#x1031;&#x104A;</subfield>
  </datafield>
  <datafield tag="942" ind1=" " ind2=" ">
    <subfield code="2">ddc</subfield>
    <subfield code="c">BOM</subfield>
    <subfield code="n">0</subfield>
  </datafield>
  <datafield tag="952" ind1=" " ind2=" ">
    <subfield code="0">0</subfield>
    <subfield code="1">0</subfield>
    <subfield code="2">ddc</subfield>
    <subfield code="4">0</subfield>
    <subfield code="7">0</subfield>
    <subfield code="a">DHAM</subfield>
    <subfield code="b">DHAM</subfield>
    <subfield code="d">2026-01-14</subfield>
    <subfield code="l">0</subfield>
    <subfield code="o">&#x1019;-&#x1040;&#x1041;&#x1041;&#x1049;&#x1043; &#x1010;&#x1004;&#x103A;</subfield>
    <subfield code="r">2026-01-14 10:37:27</subfield>
    <subfield code="w">2026-01-14</subfield>
    <subfield code="y">BOM</subfield>
    <subfield code="A"></subfield>
  </datafield>
  <datafield tag="999" ind1=" " ind2=" ">
    <subfield code="c">2804</subfield>
    <subfield code="d">2804</subfield>
  </datafield>
</record>
